CP/M primer /

Bibliographic Details
Main Author: Murtha, Stephen M.
Other Authors: Waite, Mitchell
Format: Book
Language:English
Published: Indianapolis, Ind. : H.W. Sams, 1980.
Edition:1st ed.
Subjects:

MARC

Tag First Indicator Second Indicator Subfields
LEADER 00000cam a2200000 a 4500
001 in00000069952
005 20151008055926.0
008 811204s1980 inua 00110 eng
010 |a  80053271  
020 |a 0672217910 (pbk.) :  |c $11.95 
035 |a (OCoLC)07243864 
035 |9 AAJ4736AM 
039 0 |a 2  |b 3  |c 3  |d 3  |e 3 
040 |a DLC  |c DLC  |d TXA  |d UtOrBLW 
049 |a TXAM  |c [1502402] 
050 0 0 |a QA76.6  |b .M883 
082 0 |a 001.64/2  |2 19 
100 1 |a Murtha, Stephen M. 
245 1 0 |a CP/M primer /  |c by Stephen M. Murtha and Mitchell Waite. 
250 |a 1st ed. 
264 1 |a Indianapolis, Ind. :  |b H.W. Sams,  |c 1980. 
300 |a 92 pages :  |b illustrations ;  |c 28 cm. 
336 |a text  |b txt  |2 rdacontent 
337 |a unmediated  |b n  |2 rdamedia 
338 |a volume  |b nc  |2 rdacarrier 
500 |a Includes index. 
630 0 0 |a CP/M. 
700 1 |a Waite, Mitchell. 
999 |a MARS 
999 f f |s 00f60a83-7290-3879-8b8a-c63092381450  |i 2d426f34-734e-3ac7-9d1e-fbfb61671a06  |t 0 
952 f f |p ric  |a Texas A&M University  |b Rellis Campus  |c Joint Library Facility  |d Remote Storage  |t 0  |e QA76.6 .M883  |h Library of Congress classification  |i unmediated -- volume  |m A14806201821 
998 f f |a QA76.6 .M883  |t 0  |l Remote Storage